|
|
|
|
| LEADER |
00894nam a22002052a 4500 |
| 001 |
000305219 |
| 003 |
CZ BrMZK |
| 005 |
20120906102201.0 |
| 007 |
ta |
| 008 |
980105s1971 au af f 000 0 ger d |
| 040 |
|
|
|a BOA001
|b cze
|
| 100 |
1 |
|
|a Jankuhn, Herbert,
|d 1905-1990
|7 jx20050105001
|4 aut
|
| 245 |
1 |
0 |
|a Typen und Funktionen vor- und frühwikingerzeitlicher Handelsplätze im Ostseegebiet /
|c Herbert Jankuhn
|
| 260 |
|
|
|a Wien :
|b H. Böhlaus Nachfolger,
|c 1971
|
| 300 |
|
|
|a 38 s., 18 s. obr. příl. :
|b il.
|
| 490 |
1 |
|
|a Österreichische Akademie der Wissenschaften. Philosophisch-historische Klasse. Sitzungsberichte ;
|v Bd. 273, Abh. 5
|
| 810 |
2 |
|
|a Österreichische Akademie der Wissenschaften.
|b Philosophisch-historische Klasse.
|t Sitzungsberichte
|0 s
|
| 910 |
|
|
|a BOA001
|b 2-0761.473
|
| 990 |
|
|
|a BK
|
| 996 |
7 |
|
|b 2619865274
|c 2-0761.473
|l MZK
|r Sklad / do 1 hodiny
|n 3
|w 000305219
|u 000010
|a 1
|e BOA001
|j MZK50
|s A
|